000 00277nam a22001217a 4500
008 190315b xxu||||| |||| 00| 0 eng d
041 _aeng
080 _a043.3
100 _a0
101 _aARK-BA
245 _aObjekte shumëbanesore dhe afarizem
_cGashi,A
942 _2udc
_cBK
999 _c54850
_d54850